书目信息 |
| 题名: |
野鸽子的黄昏
|
|
| 作者: | 王尚义 著 | |
| 分册: | ||
| 出版信息: | 武汉 华中科技大学出版社 2015 |
|
| 页数: | 227页 | |
| 开本: | 21cm | |
| 丛书名: | ||
| 单 册: | ||
| 中图分类: | I247 , I217.762 | |
| 科图分类: | ||
| 主题词: | 小说集--Xiao Shuo Ji--中国--当代 , 散文集--San Wen Ji--中国--当代 , 文学--作品集--中国 | |
| 电子资源: | ||
| ISBN: | 978-7-5680-0666-8 | |
| 000 | 00728nam0 22002531 450 | |
| 001 | 350240 | |
| 005 | 20161010104448.20 | |
| 010 | @a978-7-5680-0666-8@dCNY26.00 | |
| 100 | @a20150527d2015 em y0chiy50 ea | |
| 101 | 0 | @achi |
| 102 | @aCN@b420000 | |
| 105 | @aa z 000zy | |
| 106 | @ar | |
| 200 | 1 | @a野鸽子的黄昏@AYe Ge Zi De Huang Hun@f王尚义著 |
| 210 | @a武汉@c华中科技大学出版社@d2015 | |
| 215 | @a227页@c图@d21cm | |
| 606 | 0 | @a小说集@AXiao Shuo Ji@y中国@z当代 |
| 606 | 0 | @a散文集@ASan Wen Ji@y中国@z当代 |
| 606 | 0 | @a文学@x作品集@x中国 |
| 690 | @aI247@v5 | |
| 690 | @aI217.762@v4 | |
| 701 | 0 | @a王尚义@AWang Shang Yi@f(1936~1963)@4著 |
| 801 | 0 | @aCN@bTANGWEI@c20160803 |
| 905 | @b0889035-9@dI217.762@e692@f5 | |
| 野鸽子的黄昏/王尚义著.-武汉:华中科技大学出版社,2015 |
| 227页:图;21cm |
| ISBN 978-7-5680-0666-8:CNY26.00 |
| ● |
| 相关链接 |
|
|
|
|
正题名:野鸽子的黄昏
索取号:I217.762/692
 
预约/预借
| 序号 | 登录号 | 条形码 | 馆藏地/架位号 | 状态 | 备注 |
| 1 | 0889035 | 208890351 | 第一样本阅览室/ [索取号:I217.762/692] | 在馆 | |
| 2 | 0889036 | 208890360 | 第二借阅区/ [索取号:I217.762/692] | 在馆 | |
| 3 | 0889037 | 208890379 | 第二借阅区/ [索取号:I217.762/692] | 在馆 | |
| 4 | 0889038 | 208890388 | 第二借阅区/ [索取号:I217.762/692] | 在馆 | |
| 5 | 0889039 | 208890397 | 第二借阅区/ [索取号:I217.762/692] | 在馆 |